Dialectique de l'affirmation: essai de métaphysique réflexive

Gardado en:
Detalles Bibliográficos
Autor Principal: Marc, André (autor)
Formato: Libro
Idioma:francés
Publicado: París Desclée de Brouwer 1952
Series:Museum Lessianum: Section Philosophique, 36
Subjects:
Tags: Engadir etiqueta
Sen Etiquetas, Sexa o primeiro en etiquetar este rexistro!

MARC

LEADER 00000nam a2200000 a 4500
001 UCZ4164
003 CL-VaPUC
008 951106e19520000FR |||||||||||||||||fre|d
082 0 4 |a 110  |b MAR  |2 21 
100 |a Marc, André  |e autor  |9 354213 
245 1 0 |a Dialectique de l'affirmation: essai de métaphysique réflexive 
300 |a 731 p 
942 |c BK 
945 |d 19951106 00:00:00  |a cmena 
260 |a París  |b Desclée de Brouwer  |c 1952 
650 0 |a Metafísica  |9 265649 
650 0 |a Escuelas filosóficas   |9 266232 
650 7 |a SER  |2 CL-VaPUC  |9 320176 
650 0 |a Filosofía de las ciencias  |9 256466 
650 0 |a Ciencia  |9 255691 
650 0 |a Cognición   |9 270347 
650 0 |a Filosofía de la naturaleza  |9 265899 
583 |a last modification  |c 19951106 00:00:00  |k Rodrigo Vera 
490 0 |a Museum Lessianum: Section Philosophique, 36 
999 |c 240581  |d 240579 
952 |0 0  |1 0  |4 0  |6 110_000000000000000_MAR_1952  |7 0  |8 P  |9 252534  |a BIBEDU  |b BIBEDU  |c BIBEDU_PB  |d 2019-11-18  |i 1593900  |o 110 MAR 1952  |p 1593900  |r 2024-01-25  |w 2019-11-18  |y BK  |k FIL